000 00778nam a2200241Ia 4500
003 OSt
005 20220923211353.0
006 a|||||r|||| 00| 0
007 ta
008 Pun
020 _a9788186745335 (hbk)
_c150
024 _a246,761
037 _b7830/XI, 31/01/2011, Arsee Publishers
_cTextual
040 _aARTS
_cARTS
_bPun
041 _2Pun
_aPun
082 _aO153,8N43x, Q0
100 _aਵਿਰਦੀ, ਜਸਵੰਤ ਸਿੰਘ
_9156274
245 0 _aਪੈਰਸ ਦੀ Fਾਮ
260 _aਦਿੱਲੀ
_b ਸਤਵੰਤ ਬੁੱਕ Fਾਪ
_c2010
300 _a128ਪੰ
_ccm.
942 _hO153,8N43x, Q0
_cTEXL
_2CC
999 _c298867
_d298867